Largest Christian Cities - Statistics

General Stats
  • This quiz has been taken 22 times
  • The average score is 10 of 10
Answer Stats
Hint Answer % Correct
Argentina Buenos Aires
100%
Nigeria Lagos
100%
Mexico Mexico city
100%
Brazil Rio de Janeiro
100%
Brazil Sao Paulo
100%
Colombia Bogota
95%
United States Los Angeles
95%
Philippines Manila
95%
United States New York City
95%
DRC Kinshasa
90%
No matching quizzes found
Score Distribution
Percent of People with Each Score
Percentile by Number Answered
Your Score History
You have not taken this quiz